| 000 | 01209cam a22003375i 4500 | ||
|---|---|---|---|
| 999 |
_c28915 _d28886 |
||
| 001 | 13611369 | ||
| 003 | EG-ScBUE | ||
| 005 | 20201014122254.0 | ||
| 008 | 040602s2006 inua f b 001 0 eng d | ||
| 020 | _a1587052083 (pbk.) | ||
| 020 | _a9781587052088 | ||
| 035 | _a(OCoLC)ocm61879221 | ||
| 040 |
_aUKM _beng _erda _cUKM _dBAKER _dTXA _dDLC _dEG-ScBUE |
||
| 082 | 0 | 4 |
_a005.8 _bWHI _222 |
| 100 | 1 |
_aWhitaker, Andrew, _eauthor. |
|
| 245 | 1 | 0 |
_aPenetration testing and network defense / _cAndrew Whitaker, Daniel P. Newman. |
| 264 | 1 |
_aIndianapolis, IN : _bCisco Press, _c2006. |
|
| 300 |
_axxvii, 598 pages : _billustrations ; _c23 cm. |
||
| 336 |
_atext _btxt _2rdacontent |
||
| 337 |
_aunmediated _bn _2rdamedia |
||
| 338 |
_avolume _bnc _2rdacarrier |
||
| 490 | 0 | _aCisco Press networking technology series | |
| 500 | _a"First printing November 2005"--T.p. verso. | ||
| 504 | _aIncludes bibliographical references and index. | ||
| 650 | 7 |
_aPenetration testing (Computer security) _2BUEsh _97888 |
|
| 650 | 7 |
_aComputer networks _xSecurity measures. _2BUEsh |
|
| 650 | 7 |
_aComputer security _xEvaluation. _2BUEsh |
|
| 653 |
_bCOMSCI _cOctober2020 |
||
| 700 | 1 |
_aNewman, Daniel P., _eauthor. |
|
| 942 |
_2ddc _cBB |
||